Harry Potter : animaux de compagnie - Statistiques

Statistiques générales
  • Ce quiz a été pris 181 fois
  • Le résultat moyen est 8 sur 10
Statistiques - réponses
Hint Réponse % Correct
Chat Hermione | Mrs Figg | Lily et James ...
100%
Chouette / Hibou Harry | Percy | Ron | Arthur et Molly ...
99%
Rat Ron Weasley
99%
Phénix Albus Dumbledore
98%
Crapaud Neville Londubat
98%
Serpent Voldemort | Salazar Serpentard
95%
Hippogriffe Rubeus Hagrid | Sirius Black
90%
Chien Rubeus Hagrid | Marjorie Dursley
74%
Chevaux ailés Olympe Maxime | Rubeus Hagrid
73%
Lapin Lavande Brown
20%
Aucun quiz correspondant
Distribution des résultats
% des personnes avec chaque résultat
Percentile par nombre de réponses
Votre historique - résultats
Vous n’avez pas pris ce quiz